A menta termesztése Padén
Elmentve itt :
| Szerző: | |
|---|---|
| Dokumentumtípus: | Könyv része |
| Megjelent: |
2003
|
| Sorozat: | Táj és Népi Kultúra
4 Szajáni gyűjtés = Ethnographische Forschungen in Szaján 4 |
| Kulcsszavak: | Néprajz - magyar - Vajdaság, Gyógynövények - termesztés, Menta, Padé |
| Tárgyszavak: | |
| Online Access: | http://acta.bibl.u-szeged.hu/71228 |
| LEADER | 00834naa a2200229 i 4500 | ||
|---|---|---|---|
| 001 | acta71228 | ||
| 005 | 20220214155507.0 | ||
| 008 | 201218s2003 hu o 0|| hun d | ||
| 020 | |a 967 482 607 5 | ||
| 022 | |a 1785-0991 ; 2416-3414 | ||
| 040 | |a SZTE Egyetemi Kiadványok Repozitórium |b hun | ||
| 041 | |a hun | ||
| 100 | 1 | |a Simon András | |
| 245 | 1 | 2 | |a A menta termesztése Padén |h [elektronikus dokumentum] / |c Simon András |
| 260 | |c 2003 | ||
| 300 | |a 75-93 | ||
| 490 | 0 | |a Táj és Népi Kultúra |v 4 | |
| 490 | 0 | |a Szajáni gyűjtés = Ethnographische Forschungen in Szaján |v 4 | |
| 650 | 4 | |a Társadalomtudományok | |
| 650 | 4 | |a Szociológia | |
| 695 | |a Néprajz - magyar - Vajdaság, Gyógynövények - termesztés, Menta, Padé | ||
| 856 | 4 | 0 | |u http://acta.bibl.u-szeged.hu/71228/1/taj_es_nepi_kultura_004_075-093.pdf |z Dokumentum-elérés |